| 000 | 01060cam a22003257a 4500 | ||
|---|---|---|---|
| 003 | CHAP | ||
| 005 | 20220329135105.0 | ||
| 008 | 971013s1984 r 00010 d | ||
| 010 | _a30765 | ||
| 011 | _a31737 | ||
| 035 | _a35849 | ||
| 040 | _cCHAP | ||
| 090 | _aFolleto 7852 | ||
| 100 | 0 | 0 |
_aCorvalán Lima, Héctor. _928419 |
| 245 | 1 | 3 | _aLa universidad privada desde el punto de vista del derecho positivo |
| 260 |
_aMendoza, Argentina : _bIdearium, _c1984 |
||
| 300 | _a20 p. | ||
| 590 |
_aBATCH-UPD _b10 _c20130109 _lUCH01 _h2323 |
||
| 590 |
_aBATCH-UPD _b10 _c20130110 _lUCH01 _h0154 |
||
| 590 |
_aBATCH-UPD _b10 _c20130110 _lUCH01 _h2323 |
||
| 590 |
_aBATCH-UPD _b10 _c20130409 _lUCH01 _h1847 |
||
| 590 |
_aBATCH-UPD _b10 _c20130410 _lUCH01 _h1613 |
||
| 590 |
_aBATCH-UPD _b10 _c20130914 _lUCH01 _h1052 |
||
| 590 |
_aCONVERSION _b10 _c20130109 _lUCH01 _h1317 |
||
| 650 | 1 | 4 |
_aEducación superior _zArgentina. _935664 |
| 650 | 1 | 4 |
_aUniversidades _zArgentina. _9116668 |
| 901 | _aBK | ||
| 942 | _cFOLL | ||
| 949 |
_aFolleto 7852 _bBC _cFOLL _d-82787 _eTS1 _i35849 _mD _si |
||
| 999 |
_c30765 _d30765 |
||